[Event "Women's Speed Chess GP1"]
[Site "chess.com INT"]
[Date "2020.06.26"]
[Round "3.9"]
[White "Ushenina, Anna"]
[Black "Vaishali, R"]
[Result "1-0"]
[WhiteTitle "GM"]
[BlackTitle "WGM"]
[WhiteElo "2416"]
[BlackElo "2393"]
[WhiteFideId "14110911"]
[BlackFideId "5091756"]
[EventDate "2020.06.24"]
[EventType "k.o. blitz"]

1. d4 Nf6 2. Nf3 g6 3. Nbd2 d5 4. b3 Bf5 5. Bb2 Nbd7 6. c4 c6 7. e3 e6 8. Be2
Bd6 9. a3 h5 10. b4 Qe7 11. h3 Ne4 12. O-O g5 13. Ne5 g4 14. Nxe4 Bxe4 15. f3
gxf3 16. Bxf3 Bxf3 17. Qxf3 Bxe5 18. dxe5 O-O-O 19. cxd5 exd5 20. Qxf7 Qg5 21.
Qf4 Qg6 22. e6 Qxe6 23. Bxh8 Rxh8 24. b5 c5 25. Rae1 Re8 26. a4 Rg8 27. Qf5 Qd6
28. Qxh5 Qg3 29. Qf3 Qd6 30. e4 Ne5 31. Qf5+ Kb8 32. exd5 Ng6 33. Qe6 Qd8 34. d6
Ka8 35. d7 Nh4 36. Qxg8 1-0

[Event "Women's Speed Chess GP1"]
[Site "chess.com INT"]
[Date "2020.06.26"]
[Round "3.10"]
[White "Vaishali, R"]
[Black "Ushenina, Anna"]
[Result "1/2-1/2"]
[WhiteTitle "WGM"]
[BlackTitle "GM"]
[WhiteElo "2393"]
[BlackElo "2416"]
[WhiteFideId "5091756"]
[BlackFideId "14110911"]
[EventDate "2020.06.24"]
[EventType "k.o. blitz"]

1. d4 d5 2. Nf3 Nf6 3. Bf4 e6 4. e3 Bd6 5. Bg3 O-O 6. Nbd2 b6 7. Bd3 Bb7 8. c3
c5 9. Ne5 Nc6 10. Qe2 Bxe5 11. dxe5 Nd7 12. f4 f5 13. exf6 Nxf6 14. e4 Ne7 15.
O-O dxe4 16. Nxe4 Nxe4 17. Bxe4 Bxe4 18. Qxe4 Qd5 19. Rfe1 Qxe4 20. Rxe4 Ng6 21.
Rf1 Rf6 22. Be1 Rd8 23. c4 Rd4 24. Rxd4 cxd4 25. g3 e5 26. Bf2 d3 27. fxe5 Nxe5
28. Kg2 Nxc4 29. b3 Ne5 30. Rd1 Rd6 31. Be3 Rd5 32. Bf4 Nc6 33. a3 Kf7 34. Kf3
Ke6 35. Ke3 Nd4 36. Rxd3 Nf5+ 37. Ke2 Nd4+ 38. Ke3 Nc2+ 39. Kd2 Rxd3+ 40. Kxd3
Nxa3 41. Bb8 a6 42. Ba7 Nb5 43. Bxb6 Kd5 44. Be3 h5 45. h3 g6 46. g4 hxg4 47.
hxg4 Nd6 48. Bd2 Ne4 49. Be1 Nf6 50. g5 Ne4 51. Bh4 Ke5 52. Kc4 Nd2+ 53. Kb4 Nf3
54. Bg3+ Ke4 55. Ka5 Nxg5 56. Kxa6 Ne6 57. b4 Kd5 58. b5 Nc5+ 59. Ka7 Kc4 60. b6
Kd5 61. Bf2 Nd7 62. b7 Kc6 63. Ka6 g5 64. Ka7 g4 65. Bg3 Kc5 66. Ka6 Kc6 67. Bf4
Kc5 68. Ka7 Kc6 69. b8=Q Nxb8 70. Kxb8 Kd5 71. Bc7 Ke4 72. Kb7 Kf3 73. Kc6 g3
74. Bxg3 1/2-1/2

[Event "Women's Speed Chess GP1"]
[Site "chess.com INT"]
[Date "2020.06.28"]
[Round "4.1"]
[White "Ushenina, Anna"]
[Black "Gunina, Valentina"]
[Result "1/2-1/2"]
[WhiteTitle "GM"]
[BlackTitle "GM"]
[WhiteElo "2416"]
[BlackElo "2431"]
[WhiteFideId "14110911"]
[BlackFideId "4167570"]
[EventDate "2020.06.24"]
[EventType "k.o. blitz"]

1. d4 Nf6 2. Nf3 e6 3. Bf4 c5 4. e3 cxd4 5. exd4 b6 6. Nbd2 Be7 7. h3 O-O 8. Bd3
Ba6 9. Bxa6 Nxa6 10. O-O d6 11. c3 Nc7 12. Qe2 Qd7 13. a4 a6 14. Bh2 Qc6 15.
Rfe1 Nfd5 16. c4 Nb4 17. d5 Qd7 18. dxe6 Nxe6 19. Ne4 Qc6 20. Nc3 Rfe8 21. Qe4
Qxe4 22. Rxe4 Nc5 23. Re2 Bf8 24. Rae1 Rxe2 25. Rxe2 h6 26. Rd2 Rd8 27. Bf4 g5
28. Be3 Re8 29. Nd4 Re5 30. g4 h5 31. Kg2 hxg4 32. hxg4 Kh7 33. Nf5 Ne4 34. Nxe4
Rxe4 35. Kf3 Rxc4 36. Nxd6 Bxd6 37. Rxd6 Nc2 38. Bxg5 Rxa4 39. Rxb6 Nd4+ 40. Ke3
Ne6 41. Bf6 Nc7 42. Kd2 Rxg4 43. Be5 Ne6 44. Rxa6 Nc5 45. Rc6 Ne4+ 46. Ke3 Ng5
47. Bc3 Re4+ 48. Kd3 Rf4 49. Bd2 Rxf2 50. Bxg5 Rxb2 51. Rf6 Rb7 52. Rf1 Kg6 53.
Bf6 Rb6 54. Bd4 Rd6 55. Ke4 Re6+ 56. Kf4 f6 57. Rg1+ Kf7 58. Kf5 Rd6 59. Ke4
Re6+ 60. Kd5 Re8 61. Rf1 Re6 62. Rb1 Ra6 63. Rb7+ Kg6 64. Ke4 Re6+ 65. Kd5 Ra6
66. Bb6 Ra1 67. Rb8 Rb1 68. Rb7 Rb2 69. Kc6 Rb1 70. Rb8 Rb2 71. Kd6 Rd2+ 72. Kc6
Rb2 73. Rd8 Rc2+ 74. Bc5 Rc1 75. Rd7 Rc2 76. Rd5 Kf7 77. Kd6 Kg6 78. Bb6 Rb2 79.
Bc5 Ra2 80. Ke7 Re2+ 81. Kd7 Ra2 82. Bd6 Ra7+ 83. Ke6 Ra2 84. Rd1 Re2+ 85. Kd7
Kf7 86. Rf1 Ra2 87. Be5 Ra7+ 88. Kc8 Ra6 89. Kb7 Re6 90. Bc3 Kg6 91. Rf3 Kf7 92.
Kc7 Ra6 93. Kd7 Ra7+ 94. Kd6 Ra6+ 95. Kd5 Rb6 96. Bd4 Ra6 97. Bc5 Re6 98. Rb3
Re5+ 99. Kd4 Re6 100. Rb7+ Kg6 101. Kd5 Re5+ 102. Kd6 Re1 103. Ra7 Rd1+ 104. Kc6
Rc1 105. Ra6 Rc2 106. Ra5 Rc1 1/2-1/2

[Event "Women's Speed Chess GP1"]
[Site "chess.com INT"]
[Date "2020.06.28"]
[Round "4.2"]
[White "Gunina, Valentina"]
[Black "Ushenina, Anna"]
[Result "0-1"]
[WhiteTitle "GM"]
[BlackTitle "GM"]
[WhiteElo "2431"]
[BlackElo "2416"]
[WhiteFideId "4167570"]
[BlackFideId "14110911"]
[EventDate "2020.06.24"]
[EventType "k.o. blitz"]

1. d4 d5 2. c4 dxc4 3. Nf3 Nf6 4. e3 a6 5. Bxc4 e6 6. O-O b5 7. Bd3 Bb7 8. a4 b4
9. Qe2 c5 10. Nbd2 Nbd7 11. e4 cxd4 12. e5 Nd5 13. Nc4 Nc5 14. Bg5 Qc7 15. Rac1
h6 16. Bd2 Be7 17. Nxd4 Rd8 18. Bb1 O-O 19. Qg4 f5 20. Qg6 Nf4 21. Bxf4 Rxd4 22.
g3 Qd7 23. Nd6 Bxd6 24. exd6 Qc6 25. f3 Rxf4 26. gxf4 Qxd6 27. Qg3 Bd5 28. Rcd1
Nxa4 29. Rd2 Nb6 30. Rg2 Rf7 31. Qg6 Qxf4 32. Qg3 Qd4+ 33. Qf2 Qxf2+ 34. Kxf2
Rc7 35. Bd3 a5 36. Ke3 a4 37. Ra1 Kf7 38. Bb5 Bb3 39. Rd2 Rc5 40. Be2 Nd5+ 41.
Kf2 Kf6 42. Ba6 g5 43. Bb7 Nf4 44. Ba6 Nd5 45. Bb7 Nf4 46. Ba6 h5 47. Bf1 h4 48.
Ke3 Nd5+ 49. Kf2 Ra5 50. Rd4 Rc5 51. Rd2 Nf4 52. Ke3 Ra5 53. Rd4 a3 54. bxa3
bxa3 55. Bc4 Bxc4 56. Rxc4 a2 57. Rc2 Ra3+ 58. Kf2 Nd3+ 59. Ke2 Nb4 60. Rc4 Rb3
61. Rxb4 Rxb4 62. Rxa2 Ke5 63. Kf2 Kf4 64. Kg2 e5 65. Re2 Rb3 66. Rf2 h3+ 0-1

[Event "Women's Speed Chess GP1"]
[Site "chess.com INT"]
[Date "2020.06.28"]
[Round "4.3"]
[White "Ushenina, Anna"]
[Black "Gunina, Valentina"]
[Result "1/2-1/2"]
[WhiteTitle "GM"]
[BlackTitle "GM"]
[WhiteElo "2416"]
[BlackElo "2431"]
[WhiteFideId "14110911"]
[BlackFideId "4167570"]
[EventDate "2020.06.24"]
[EventType "k.o. blitz"]

1. d4 Nf6 2. Nf3 e6 3. Bf4 c5 4. e3 cxd4 5. exd4 b6 6. Nbd2 Be7 7. Bd3 Ba6 8.
Bxa6 Nxa6 9. O-O d6 10. c4 O-O 11. Qe2 Nc7 12. b4 Qd7 13. a4 Rfe8 14. Rfc1 h6
15. h3 Rac8 16. Nb3 Bf8 17. Qb2 Nh5 18. Be3 f5 19. b5 Qf7 20. a5 Nf6 21. axb6
axb6 22. Ra7 Ne4 23. c5 Ra8 24. Rxa8 Rxa8 25. cxb6 Nd5 26. Nbd2 Nxb6 27. Nxe4
fxe4 28. Nd2 d5 29. Rc6 Rb8 30. Qc2 Nd7 31. Qa4 e5 32. Nb3 Nb6 33. Qa6 Nc4 34.
dxe5 Nxe5 35. Rc8 Rxc8 36. Qxc8 Kh7 37. Nd4 Nc4 38. Qf5+ Qxf5 39. Nxf5 Kg6 40.
g4 Nxe3 41. fxe3 Bc5 42. Kf2 Kf6 43. Ke2 h5 44. Ng3 hxg4 45. hxg4 g6 46. Kf2 Kg5
47. Ne2 Kxg4 48. Nc3 d4 49. Nxe4 dxe3+ 50. Ke2 Bb6 51. Nd6 Kf4 52. Nc4 Bc5 53.
b6 Bxb6 54. Nxb6 1/2-1/2

[Event "Women's Speed Chess GP1"]
[Site "chess.com INT"]
[Date "2020.06.28"]
[Round "4.4"]
[White "Gunina, Valentina"]
[Black "Ushenina, Anna"]
[Result "0-1"]
[WhiteTitle "GM"]
[BlackTitle "GM"]
[WhiteElo "2431"]
[BlackElo "2416"]
[WhiteFideId "4167570"]
[BlackFideId "14110911"]
[EventDate "2020.06.24"]
[EventType "k.o. blitz"]

1. d4 d5 2. c4 dxc4 3. e3 Nf6 4. Bxc4 e6 5. Nf3 c5 6. O-O cxd4 7. exd4 Be7 8.
Qe2 O-O 9. Nc3 a6 10. Bb3 b5 11. Bg5 Bb7 12. Rad1 Nbd7 13. Ne5 Nxe5 14. dxe5 Nd7
15. Bf4 Qc7 16. Bc2 Rfd8 17. Rd3 Nf8 18. Rh3 Qc4 19. Qe3 Ng6 20. Bg5 Qg4 21. Rg3
Bxg5 22. Qxg5 Qxg5 23. Rxg5 Rd2 24. Rc1 b4 25. Ne4 Rxc2 26. Rxc2 Bxe4 27. Rc4
Bd5 28. Rxb4 Bxa2 29. h4 h6 30. Rg3 Bd5 31. Re3 Rc8 32. h5 Ne7 33. Ra3 Rc1+ 34.
Kh2 Rc2 35. Rf4 Rxb2 36. Rxa6 Nc6 37. Ra3 Nxe5 38. Re3 Nd7 39. Kg3 Nf6 40. Kh2
Nxh5 41. Rh4 Nf6 42. f3 h5 43. Ra4 g6 44. Kh3 Kg7 45. Rd4 Rc2 46. Rdd3 Nh7 47.
Rd4 Ng5+ 48. Kg3 h4+ 49. Rxh4 Rc1 50. Rg4 Nh7 51. Rd4 Nf6 52. Red3 Rc2 53. Rd2
Nh5+ 54. Kf2 Rxd2+ 55. Rxd2 Kf6 56. Ke3 g5 57. Rd4 Nf4 58. g3 Ng6 59. f4 gxf4+
60. gxf4 Kf5 61. Ra4 Kg4 62. Rb4 Nh4 63. f5+ Kg5 64. fxe6 Bxe6 65. Rb5+ f5 66.
Kf2 Kg4 67. Rb8 f4 68. Re8 Bf5 69. Rg8+ Ng6 70. Rg7 f3 71. Ke3 Kg3 72. Rf7 Nh4
73. Rg7+ Bg4 74. Rg8 Nf5+ 75. Kd2 f2 0-1

[Event "Women's Speed Chess GP1"]
[Site "chess.com INT"]
[Date "2020.06.28"]
[Round "4.5"]
[White "Ushenina, Anna"]
[Black "Gunina, Valentina"]
[Result "1-0"]
[WhiteTitle "GM"]
[BlackTitle "GM"]
[WhiteElo "2416"]
[BlackElo "2431"]
[WhiteFideId "14110911"]
[BlackFideId "4167570"]
[EventDate "2020.06.24"]
[EventType "k.o. blitz"]

1. d4 Nf6 2. Nf3 e6 3. Bf4 c5 4. e3 cxd4 5. exd4 b6 6. Nbd2 Be7 7. Bd3 Ba6 8.
Bxa6 Nxa6 9. O-O O-O 10. Qe2 Nc7 11. a4 d6 12. c4 Qd7 13. b4 Nh5 14. Be3 f5 15.
Nb3 Nf6 16. b5 Ne4 17. a5 Bf6 18. Nfd2 d5 19. Nxe4 fxe4 20. axb6 axb6 21. Nd2
Rxa1 22. Rxa1 e5 23. Nb3 Ne6 24. cxd5 Qxd5 25. dxe5 Bxe5 26. Rb1 Bc7 27. Nd2 h5
28. Qc4 Qe5 29. g3 h4 30. Qxe4 Qf6 31. Nf1 hxg3 32. hxg3 Ng5 33. Qd5+ Nf7 34.
Rc1 Be5 35. Rc6 Qf5 36. Rxb6 Rd8 37. Qc4 Rd1 38. Rb7 Qf3 39. Re7 Bxg3 40. Qxf7+
Qxf7 41. Rxf7 Bxf2+ 42. Rxf2 Rb1 43. b6 1-0

[Event "Women's Speed Chess GP1"]
[Site "chess.com INT"]
[Date "2020.06.28"]
[Round "4.6"]
[White "Gunina, Valentina"]
[Black "Ushenina, Anna"]
[Result "1-0"]
[WhiteTitle "GM"]
[BlackTitle "GM"]
[WhiteElo "2431"]
[BlackElo "2416"]
[WhiteFideId "4167570"]
[BlackFideId "14110911"]
[EventDate "2020.06.24"]
[EventType "k.o. blitz"]

1. e4 c6 2. Nf3 d5 3. d3 dxe4 4. dxe4 Qxd1+ 5. Kxd1 Bg4 6. Nd2 Nd7 7. c3 e5 8.
Be2 f6 9. h3 Be6 10. Kc2 O-O-O 11. a4 Nh6 12. b4 Nf7 13. Ba3 Kb8 14. Rhd1 Be7
15. Bc4 Nf8 16. Be2 Ng6 17. Bf1 h5 18. Nc4 Rxd1 19. Rxd1 Rd8 20. Rb1 Nd6 21.
Nxd6 Bxd6 22. c4 a5 23. c5 axb4 24. Bxb4 Be7 25. g3 h4 26. a5 hxg3 27. fxg3 Rd7
28. a6 Bd8 29. Bc3 Ne7 30. Nd2 Ka7 31. axb7 Rxb7 32. Ra1+ Kb8 33. Ba6 Ra7 34.
Rb1+ Ka8 35. Bc4 Bxh3 36. Rh1 Bg4 37. Rh8 Rd7 38. Ba5 Kb7 39. Bxd8 Nc8 40. Ba5
Na7 41. Rh4 f5 42. Bd3 g6 43. Nc4 Bd1+ 44. Kxd1 Rxd3+ 45. Kc2 Rd4 46. Nxe5 Rxe4
47. Rxe4 fxe4 48. Nxg6 Ka6 49. Bb6 Nc8 50. Ne5 Nxb6 51. cxb6 Kxb6 52. Kd2 Kc5
53. Ke3 Kd5 54. Nxc6 Kxc6 55. Kxe4 Kd6 56. Kf5 Ke7 57. Kg6 1-0

[Event "Women's Speed Chess GP1"]
[Site "chess.com INT"]
[Date "2020.06.28"]
[Round "4.7"]
[White "Ushenina, Anna"]
[Black "Gunina, Valentina"]
[Result "0-1"]
[WhiteTitle "GM"]
[BlackTitle "GM"]
[WhiteElo "2416"]
[BlackElo "2431"]
[WhiteFideId "14110911"]
[BlackFideId "4167570"]
[EventDate "2020.06.24"]
[EventType "k.o. blitz"]

1. d4 Nf6 2. Nf3 e6 3. Bf4 c5 4. e3 cxd4 5. exd4 b6 6. Nbd2 Be7 7. Bd3 Ba6 8.
Bxa6 Nxa6 9. O-O d6 10. c4 O-O 11. Qe2 Qd7 12. Rfd1 d5 13. c5 Qb7 14. Qb5 Nh5
15. Be3 Nc7 16. Qb3 Qa6 17. Qc2 bxc5 18. dxc5 Nf6 19. b4 Rab8 20. Rab1 Rfd8 21.
a4 Qc8 22. b5 Ng4 23. Bf4 h6 24. h3 Nf6 25. Nb3 Nd7 26. Ne5 Nxe5 27. Bxe5 Qd7
28. Nd4 Rdc8 29. Nc6 Ra8 30. Nxe7+ Qxe7 31. a5 Ne8 32. c6 f6 33. Bg3 Nd6 34. b6
axb6 35. axb6 Qe8 36. Bxd6 Rxc6 37. Bc5 Rb8 38. b7 Qd7 39. Qa4 Qc7 40. Be3 Rc4
41. Qa7 Kh7 42. Rb3 Rc2 43. Rdb1 e5 44. Qxb8 Qxb8 45. Ba7 Qxa7 46. b8=Q Qxf2+
47. Kh1 Qxg2# 0-1

[Event "Women's Speed Chess GP1"]
[Site "chess.com INT"]
[Date "2020.06.28"]
[Round "4.8"]
[White "Gunina, Valentina"]
[Black "Ushenina, Anna"]
[Result "0-1"]
[WhiteTitle "GM"]
[BlackTitle "GM"]
[WhiteElo "2431"]
[BlackElo "2416"]
[WhiteFideId "4167570"]
[BlackFideId "14110911"]
[EventDate "2020.06.24"]
[EventType "k.o. blitz"]

1. d4 d5 2. c4 dxc4 3. Nf3 Nf6 4. e3 e6 5. Bxc4 c5 6. O-O cxd4 7. exd4 Be7 8.
Qe2 O-O 9. Nc3 a6 10. Bg5 b5 11. Bb3 Bb7 12. Rad1 Nbd7 13. a3 Nb6 14. Ne5 Nfd5
15. Bd2 Nxc3 16. Bxc3 Nd5 17. Bd2 Rc8 18. Rc1 Rxc1 19. Rxc1 Bf6 20. Bc2 g6 21.
Bh6 Bg7 22. Qd2 Bxh6 23. Qxh6 Ne7 24. Rd1 Qd5 25. f3 Nf5 26. Bxf5 exf5 27. Qe3
Re8 28. Qc3 Rxe5 29. Kf2 Re8 30. Re1 Rxe1 31. Kxe1 Qc4 32. Qe3 Qe6 33. Kd2 Qxe3+
34. Kxe3 f6 35. Kd3 Bd5 36. Kc3 a5 0-1

[Event "Women's Speed Chess GP1"]
[Site "chess.com INT"]
[Date "2020.06.28"]
[Round "4.9"]
[White "Ushenina, Anna"]
[Black "Gunina, Valentina"]
[Result "1-0"]
[WhiteTitle "GM"]
[BlackTitle "GM"]
[WhiteElo "2416"]
[BlackElo "2431"]
[WhiteFideId "14110911"]
[BlackFideId "4167570"]
[EventDate "2020.06.24"]
[EventType "k.o. blitz"]

1. d4 Nf6 2. Nf3 e6 3. Bf4 d5 4. e3 c5 5. Nbd2 Nc6 6. c3 cxd4 7. exd4 Nh5 8. Bg5
Be7 9. Bxe7 Qxe7 10. g3 O-O 11. Bg2 f5 12. O-O f4 13. Re1 Nf6 14. Qe2 fxg3 15.
hxg3 Bd7 16. Ne5 Rae8 17. Ndf3 Ne4 18. Nd3 Qf6 19. Nd2 Nd6 20. Nc5 Bc8 21. Nd3
Ne7 22. Qe5 Qxe5 23. Nxe5 Nef5 24. Re2 Re7 25. Rae1 a6 26. Nd3 Rfe8 27. Nf4 Kf8
28. Nf3 Nf7 29. g4 N5d6 30. Ne5 Nxe5 31. Rxe5 Nf7 32. R5e2 Ng5 33. Kh2 Bd7 34.
Kg3 Bb5 35. Re3 Bc6 36. Nd3 Bb5 37. Ne5 Rc7 38. f4 Nf7 39. Nxf7 Rxf7 40. Rxe6
Rxe6 41. Rxe6 Bc6 42. Re5 Rd7 43. f5 Kf7 44. Kf4 b5 45. g5 Rd6 46. Bf3 a5 47.
Bh5+ g6 48. Bg4 gxf5 49. Bxf5 h6 50. g6+ Kf6 51. Bd3 Bd7 52. Rh5 Kg7 53. Ke5 Rf6
54. Kxd5 b4 55. c4 Rf3 56. Be4 Rf2 57. c5 Rxb2 58. c6 Bc8 59. Re5 Rxa2 60. Re7+ 1-0

[Event "Women's Speed Chess GP1"]
[Site "chess.com INT"]
[Date "2020.06.28"]
[Round "4.10"]
[White "Gunina, Valentina"]
[Black "Ushenina, Anna"]
[Result "0-1"]
[WhiteTitle "GM"]
[BlackTitle "GM"]
[WhiteElo "2431"]
[BlackElo "2416"]
[WhiteFideId "4167570"]
[BlackFideId "14110911"]
[EventDate "2020.06.24"]
[EventType "k.o. blitz"]

1. d4 d5 2. c4 dxc4 3. e4 Nf6 4. e5 Nd5 5. Bxc4 Bf5 6. Nf3 c6 7. O-O e6 8. Nc3
Nb6 9. Bb3 N8d7 10. Qe2 Be7 11. Ne4 h6 12. Bf4 Nd5 13. Bg3 a5 14. Nfd2 O-O 15.
Nc4 a4 16. Bc2 N7b6 17. Ncd6 Bxd6 18. Nxd6 Bxc2 19. Qxc2 Qe7 20. Rae1 Nc8 21.
Ne4 a3 22. b3 Qb4 23. Qd3 Nce7 24. Nd6 Nc8 25. Nc4 b5 26. Ne3 Nce7 27. Rc1 Rac8
28. Bh4 Nf4 29. Qc2 Nfg6 30. Bxe7 Nxe7 31. Rfd1 Rfd8 32. Qe4 Rc7 33. Nc2 Qa5 34.
b4 Qa4 35. Rd3 Qa7 36. Rxa3 Qb6 37. Rd3 Rcd7 38. g3 Nf5 39. Rcd1 Qa6 40. a3 Qb6
41. g4 Ne7 42. f4 Nd5 43. f5 Qc7 44. Rg3 Qb6 45. g5 exf5 46. Qxf5 Ne7 47. Qe4 h5
48. e6 fxe6 49. Qxe6+ Kh8 50. Qf7 g6 51. Rf3 Qc7 52. Qf6+ Kg8 53. Qe6+ Kh8 54.
Rf7 Nf5 55. Qf6+ Kg8 56. Qxg6+ Kh8 57. Qg7+ Nxg7 0-1

[Event "Women's Speed Chess GP1"]
[Site "chess.com INT"]
[Date "2020.06.28"]
[Round "4.11"]
[White "Ushenina, Anna"]
[Black "Gunina, Valentina"]
[Result "0-1"]
[WhiteTitle "GM"]
[BlackTitle "GM"]
[WhiteElo "2416"]
[BlackElo "2431"]
[WhiteFideId "14110911"]
[BlackFideId "4167570"]
[EventDate "2020.06.24"]
[EventType "k.o. blitz"]

1. d4 d5 2. Nf3 e6 3. Bf4 Nf6 4. e3 c5 5. Nbd2 Nc6 6. c3 Bd6 7. Bg3 O-O 8. Bd3
Qe7 9. dxc5 Bxc5 10. O-O e5 11. e4 Bg4 12. h3 Bh5 13. Qc2 Bxf3 14. Nxf3 Rad8 15.
Rfe1 d4 16. b4 Bb6 17. b5 Na5 18. Bxe5 dxc3 19. Bxc3 Nd7 20. e5 g6 21. e6 fxe6
22. Bb2 Rc8 23. Qe2 Rfe8 24. Ne5 Nf6 25. Ng4 Nxg4 26. Qxg4 Qf7 27. Re2 Rcd8 28.
Qe4 Rd5 29. Rae1 Red8 30. Bb1 Rxb5 31. a4 Rbd5 32. Ba2 Nc6 33. Bxd5 exd5 34. Qe6
d4 35. Qxf7+ Kxf7 36. Rd1 Rd5 37. Re4 d3 38. Rd2 Ba5 39. Rd1 d2 40. Rc4 Ke6 41.
Bc3 Bxc3 42. Rxc3 Na5 43. Kf1 Rd4 44. Ke2 Rxa4 45. Rxd2 Re4+ 46. Re3 Rxe3+ 47.
fxe3 Nc6 48. Kd3 b5 49. Ra2 a5 50. Ke4 b4 51. Kd3 Kd5 52. e4+ Ke6 53. Kc4 Ke5
54. Kb5 Nd4+ 55. Kxa5 b3 56. Rb2 Kxe4 57. Kb4 Kd3 58. Rf2 Ke3 59. Rb2 Kd3 60.
Rf2 h5 61. Ka3 g5 62. Kb2 Ke3 63. Rf8 h4 64. Rf7 Ke4 65. Rf8 Ne2 66. Kxb3 Nf4
67. Kc2 Nxg2 68. Rf2 Nf4 69. Rh2 Kf3 70. Kd2 Kg3 71. Rh1 Nxh3 72. Ke2 Kg2 73.
Rc1 Nf4+ 74. Ke3 h3 75. Rc5 Ne6 76. Re5 h2 77. Rxe6 h1=Q 78. Rg6 Qc1+ 79. Ke4
Qc2+ 80. Ke5 Qxg6 81. Kd5 Qf5+ 82. Kd4 Qe6 0-1